000 00384nam a2200157Ia 4500
005 20250310053143.0
008 240331s9999 xx 000 0 und d
020 _a9558123021
082 _bPER
_a823
100 _aPerera,R
245 0 _aRudaliya
260 _aNugegoda
_bDamika de silva
_c1999
300 _a200 p .,
500 _aA story collection of maha swetha devi
942 _cL
999 _c5205
_d5205